000 00542nam a2200181Ia 4500
008 100921s9999 xx 000 0 und d
082 _b12700
_a891.463 थ 77
100 _aअत्रे प्रभाकर.
245 _aरूपगंधा.
260 _bमंदार प्रकाशन,पनवेल.
_c1977
300 _a135
_b---
365 _b10
520 _aललित-कथा.
630 _aरूपगंधा.
650 _aललित-कथा.
730 _aरूपगंधा.
942 _cBOOK
999 _c761813
_d761810